000
00245nam a2200109Ia 4500
008
190216s9999||||xx |||||||||||||| ||und||
100
_a
Kurup Kg
245
0
_a
World History
260
_b
Lissy Publishing House
650
_a
History
942
_c
BK
999
_c
18613
_d
18613